The co-operative societies act, 1925 : (Record no. 76205)
[ view plain ]
| 000 -LEADER | |
|---|---|
| fixed length control field | 00849cam a22002531 4500 |
| 001 - CONTROL NUMBER | |
| control field | sa 67006859 |
| 003 - CONTROL NUMBER IDENTIFIER | |
| control field | DLC |
| 005 - DATE AND TIME OF LATEST TRANSACTION | |
| control field | 20260227112411.0 |
| 008 - FIXED-LENGTH DATA ELEMENTS--GENERAL INFORMATION | |
| fixed length control field | 880209s1965 pk 000 0 eng |
| 010 ## - LIBRARY OF CONGRESS CONTROL NUMBER | |
| LC control number | sa 67006859 |
| 035 ## - SYSTEM CONTROL NUMBER | |
| System control number | (OCoLC)19446787 |
| 040 ## - CATALOGING SOURCE | |
| Original cataloging agency | DLC |
| Transcribing agency | MnU-L |
| Modifying agency | CLU |
| -- | DLC |
| 042 ## - AUTHENTICATION CODE | |
| Authentication code | premarc |
| 043 ## - GEOGRAPHIC AREA CODE | |
| Geographic area code | a-pk--- |
| 050 00 - LIBRARY OF CONGRESS CALL NUMBER | |
| Classification number | KPL961.A311925 |
| Item number | A4 1965 |
| 110 1# - MAIN ENTRY--CORPORATE NAME | |
| Corporate name or jurisdiction name as entry element | West Pakistan (Pakistan). |
| 245 14 - TITLE STATEMENT | |
| Title | The co-operative societies act, 1925 : |
| Remainder of title | Sind act VII of 1925 / |
| Statement of responsibility, etc. | as corrected up to 31st July 1965. |
| 260 ## - PUBLICATION, DISTRIBUTION, ETC. | |
| Place of publication, distribution, etc. | Lahore (India) : |
| Name of publisher, distributor, etc. | Superintendent Govt. Print., |
| Date of publication, distribution, etc. | 1965. |
| 300 ## - PHYSICAL DESCRIPTION | |
| Extent | 46 p. ; |
| Dimensions | 25 cm. |
| 500 ## - GENERAL NOTE | |
| General note | Cover title. |
| 500 ## - GENERAL NOTE | |
| General note | At head of title: Govt. of West Pakistan. Law Dept. |
| 650 #0 - SUBJECT ADDED ENTRY--TOPICAL TERM | |
| Topical term or geographic name entry element | Cooperative societies |
| General subdivision | Law and legislation |
| Geographic subdivision | Pakistan. |
| 710 1# - ADDED ENTRY--CORPORATE NAME | |
| Corporate name or jurisdiction name as entry element | West Pakistan (Pakistan). |
| Subordinate unit | Law Department. |
No items available.